000
00338nam a2200145Ia 4500
008
230718s9999 xx 000 0 und d
041
_a
Eng.
082
_a
287
_b
USM-R
100
_a
usmani, Maulana Tagi
245
0
_a
Rules of To Tilcaf
260
_a
Pakistan
_b
I dava e- istenfit
_c
2000
300
_a
51
650
_a
Law
999
_c
26811
_d
26811